Every Country to win an Olympic Medal: Rowing - Statistics

General Stats
  • This quiz has been taken 60 times
    41 since last reset
  • The average score is 32 of 46
Answer Stats
# of Medals Country % Correct
55 Germany
100%
78 Great Britain
97%
91 USA
97%
45 Australia
94%
43 Netherlands
94%
3 Russia
94%
44 Canada
92%
7 Finland
92%
36 France
92%
5 Ireland
92%
43 Italy
92%
33 New Zealand
92%
46 Romania
92%
2 Sweden
92%
25 Switzerland
92%
8 Belgium
89%
12 China
86%
8 Croatia
86%
6 Greece
86%
18 Norway
86%
20 Poland
86%
1 Spain
86%
6 Austria
83%
25 Denmark
83%
5 Slovenia
81%
4 Argentina
78%
3 Hungary
78%
4 Lithuania
75%
3 South Africa
75%
42 Soviet Union
75%
14 Bulgaria
72%
5 Czech Republic
72%
3 Estonia
69%
3 Ukraine
69%
48 East Germany
64%
7 Belarus
61%
14 West Germany
53%
5 Yugoslavia
50%
11 Czechoslovakia
47%
4 Uruguay
31%
1 Mixed Team
6%
1 Unified Team
6%
1 Individual Neutral Athletes
3%
1 Russian Empire
3%
2 Russian Olympic Committee
3%
9 United Team of Germany
3%
No matching quizzes found
Score Distribution
Percent of People with Each Score
Percentile by Number Answered
Your Score History
You have not taken this quiz since the last reset